Ústava Slovenskej republiky a Listina základných práv a slobôd

Bibliographic Details
Corporate Author: Slovensko (Author)
Format: Book
Language:Slovak
PhysicalDescription:110 s. 21 cm
Published: Bratislava Nová Práca 2017
ISBN:9788089350698 (brož.)
Subjects:

MARC

LEADER 00000cam a2200000 a 4500
001 vtls011703337
003 SK-MaSNL
005 20260426015833.0
008 200402s2017 xo e l 000 0 slo
015 |a SNBI2018 
020 |a 9788089350698 (brož.) 
035 |a urn:nbn:sk:snk-am00dlui 
035 |a urn:nbn:sk:snk-am3i6je 
035 |a A03D6829-466F-4189-A7C1-14711E5B19DB 
040 |a SNK  |b slo  |c SNK  |e AACR2 
041 0 |a slo 
043 |a e-xo--- 
044 |a xo  |c SK 
072 7 |a 342  |x Ústavné právo. Správne právo  |2 konspekt 
080 |a 342  |2 2011 
080 |a 342.7  |2 2011 
080 |a (437.6)  |2 2011 
080 |a (094.5)  |2 2011 
080 |a 342.4  |2 2011 
110 1 |a Slovensko  |4 aut  |9 266955 
240 1 0 |a Ústava Slovenskej republiky (1992, novela 2017) 
245 1 0 |a Ústava Slovenskej republiky a Listina základných práv a slobôd 
246 1 |i Názov v tiráži:  |a Ústava Slovenskej republiky. Listina základných práv a slobôd 
260 |a Bratislava  |b Nová Práca  |c 2017 
300 |a 110 s.  |c 21 cm 
500 |a Dokument obsahuje 2 diela 
500 |a Názov z obálky 
650 0 7 |a ústavné právo  |2 SNKPH  |9 2256 
650 0 7 |a Constitutional law  |2 SNKPHeng  |9 99107 
650 0 7 |a Human rights  |2 SNKPHeng  |9 265688 
650 0 7 |a ľudské práva  |2 SNKPH  |9 798 
650 0 7 |a ústava  |2 SNKPH  |9 2640 
650 0 7 |a Constitution  |2 SNKPHeng  |9 295680 
651 7 |a Slovensko  |2 SNKPH  |9 14231 
651 7 |a Slovakia  |2 SNKPHeng  |9 92630 
655 7 |a zákony  |2 SNKPH  |9 70186 
655 7 |a Laws  |2 SNKPHeng  |9 266957 
710 1 2 |a Slovensko.  |t Listina základných práv a slobôd (1991)  |9 314734 
710 1 2 |a Slovensko.  |t Ústava Slovenskej republiky (1992, novela 2017)  |9 427463 
740 0 2 |a Listina základných práv a slobôd 
852 |a Štátna vedecká knižnica v Banskej Bystrici 
919 |a 978-80-89350-69-8 
999 |c 1195321  |d 1197251 
952 |a SNK  |b SNK  |y PREZ  |7 0  |p 17A1322110  |o snkSC 178573  |i snk2018/6053  |8 0  |0 0  |1 0  |4 0  |d 2018-03-09  |f 1  |l 0  |r 2025-09-19 00:00:00  |w 2026-02-24 
952 |a SNK  |b SNK  |y VYP  |7 0  |p 17A1322111  |o snkSC 178573 D1  |i snk2018/6054  |8 0  |0 0  |1 0  |4 0  |d 2018-03-09  |l 0  |r 2026-02-24 22:24:36  |w 2026-02-24